[Event "VIE-ch U15 Girls"]
[Site "Hanoi"]
[Date "2022.06.16"]
[Round "8"]
[White "Lu, Nguyen Minh Anh"]
[Black "Tran, Ngoc Nhu Y"]
[Result "1-0"]
[WhiteElo "2124"]
[BlackElo "2090"]
[PlyCount "84"]
[EventDate "2022.06.11"]
[EventType "swiss"]
[EventRounds "9"]
[EventCountry "VIE"]
[SourceTitle "EXT 2023"]
[Source "ChessBase"]
[SourceDate "2022.10.05"]
[SourceVersion "1"]
[SourceVersionDate "2022.10.05"]
[SourceQuality "1"]

1. e4 e5 2. Nf3 Nf6 3. Nc3 Bb4 4. Bd3 d6 5. a3 Bxc3 6. dxc3 0-0 7. Bg5 h6 8. Bxf6 Qxf6 9. 0-0 Bg4 10. Be2 Qg6 11. h3 Bxh3 12. Nh4 Qg5 13. Qd3 Qxh4 14. Qxh3 Qxe4 15. Bf3 Qxc2 16. Bxb7 Na6 17. Bxa8 Rxa8 18. b4 Rd8 19. Qf3 d5 20. b5 Nc5 21. Qe3 Nb3 22. Rad1 d4 23. cxd4 Nxd4 24. Kh1 Qc5 25. Rfe1 f6 26. a4 Qb4 27. f4 Re8 28. Rxd4 exd4 29. Qxe8+ Kh7 30. Qe4+ Kh8 31. Rd1 Qf8 32. Rxd4 f5 33. Qd5 Kh7 34. Qd8 Qf7 35. Rd7 Qg6 36. Rxc7 Qg4 37. Rc8 Qxf4 38. Qg8+ Kg6 39. Rc6+ Kh5 40. Qf7+ Kg5 41. Qxg7+ Kh5 42. Qg6+ Kh4 1-0

[Event "VIE-ch U15 Girls"]
[Site "Hanoi"]
[Date "2022.06.15"]
[Round "6"]
[White "Nguyen, Ngoc Ha Anh"]
[Black "Tran, Ngoc Nhu Y"]
[Result "1-0"]
[WhiteElo "2121"]
[BlackElo "2090"]
[PlyCount "89"]
[EventDate "2022.06.11"]
[EventType "swiss"]
[EventRounds "9"]
[EventCountry "VIE"]
[SourceTitle "EXT 2023"]
[Source "ChessBase"]
[SourceDate "2022.10.05"]
[SourceVersion "1"]
[SourceVersionDate "2022.10.05"]
[SourceQuality "1"]

1. d4 d5 2. c4 e6 3. Nc3 Nf6 4. Bg5 Be7 5. Nf3 0-0 6. e3 h6 7. Bh4 Nc6 8. Bd3 dxc4 9. Bxc4 Nh7 10. Bxe7 Qxe7 11. 0-0 Ng5 12. Nxg5 Qxg5 13. f4 Qg6 14. Rf3 Rd8 15. Rg3 Qf5 16. Bd3 Qf6 17. Ne4 Qe7 18. Qg4 f5 19. Qh5 fxe4 20. Bxe4 Qf6 21. Rg6 Qf7 22. Qxh6 Ne7 23. Rg5 Nf5 24. Bxf5 exf5 25. Rf1 Rd6 26. Qh4 Rg6 27. Rh5 Qf6 28. Rh8+ Kf7 29. Qh7 Rh6 30. Qg8+ Kg6 31. Rf3 Rh4 32. Rxh4 Qf7 33. Rg3+ Kf6 34. Qd8+ Qe7 35. Qxe7+ Kxe7 36. Rxg7+ Kd6 37. Rh6+ Be6 38. Rxe6+ Kxe6 39. Rxc7 Rb8 40. Kf2 Kd6 41. Rg7 a5 42. g4 fxg4 43. Rxg4 Rc8 44. Rg6+ Kd7 45. Rb6 1-0

[Event "VIE Cup (Women)"]
[Site "Hanoi"]
[Date "2021.??.??"]
[Round "2"]
[White "Tran, Ngoc Nhu Y"]
[Black "Tran, Thi Nhu Y"]
[Result "0-1"]
[WhiteElo "2331"]
[BlackElo "1936"]
[PlyCount "100"]
[EventDate "2021.05.03"]
[EventType "swiss"]
[EventRounds "9"]
[EventCountry "VIE"]
[SourceTitle "EXT 2022"]
[Source "ChessBase"]
[SourceDate "2021.10.06"]
[SourceVersion "1"]
[SourceVersionDate "2021.10.06"]
[SourceQuality "1"]

1. e4 e6 2. d4 d5 3. exd5 exd5 4. c4 c6 5. Nc3 Nf6 6. Nf3 Be7 7. Be2 0-0 8. 0-0 Be6 9. c5 b6 10. b4 a5 11. Na4 Nbd7 12. Bd2 axb4 13. Bxb4 bxc5 14. dxc5 Ne4 15. Qc2 Bf6 16. Rad1 Qb8 17. a3 Rc8 18. Nb2 Ndxc5 19. Bxc5 Qxb2 20. Qxb2 Bxb2 21. Be3 Nc3 22. Rd2 Nxe2+ 23. Rxe2 Bxa3 24. h3 d4 25. Nxd4 Bc4 26. Rc2 Bxf1 27. Kxf1 c5 28. Nf5 c4 29. Ke2 f6 30. Nd4 Rab8 31. Bc1 Bxc1 32. Rxc1 Rb2+ 33. Kf3 Rd2 34. Nb5 Rc5 35. Nc3 Rf5+ 36. Kg3 Rfxf2 37. Ne4 Rxg2+ 38. Kf4 Rc2 39. Rd1 Kf7 40. Rd7+ Kg6 41. h4 h5 42. Kf3 Rg4 43. Nc5 Rc3+ 44. Kf2 Rxh4 45. Kg2 Rg4+ 46. Kf2 Rf4+ 47. Ke2 Rh4 48. Kd2 Ra3 49. Kc2 Rh2+ 50. Rd2 Ra2+ 0-1

[Event "VIE Cup (Women)"]
[Site "Bac Giang"]
[Date "2018.05.31"]
[Round "2"]
[White "Huynh, Phuc Minh Phuong"]
[Black "Tran, Ngoc Nhu Y"]
[Result "1-0"]
[WhiteElo "1246"]
[BlackElo "1757"]
[PlyCount "119"]
[EventDate "2018.05.30"]
[EventType "swiss"]
[EventRounds "9"]
[EventCountry "VIE"]
[SourceTitle "CBM 184 Extra"]
[Source "ChessBase"]
[SourceDate "2018.06.28"]
[SourceVersion "1"]
[SourceVersionDate "2018.06.28"]
[SourceQuality "1"]

1. e4 e5 2. Nf3 Nc6 3. Bb5 d6 4. d4 exd4 5. Nxd4 Bd7 6. 0-0 Be7 7. Nc3 Nxd4 8. Bxd7+ Qxd7 9. Qxd4 c5 10. Qxg7 Bf6 11. Qg3 Ne7 12. Nd5 Nxd5 13. exd5 0-0-0 14. Qh3 Qxh3 15. gxh3 Rhg8+ 16. Kh1 Rde8 17. Bf4 Re2 18. Bxd6 Rd2 19. Bxc5 Rxd5 20. Bxa7 Bxb2 21. Rab1 Bf6 22. Bb6 Bd8 23. Rg1 Rxg1+ 24. Kxg1 Bxb6 25. Rxb6 Rg5+ 26. Kf1 Kc7 27. Rf6 Rg7 28. Ke2 Kd7 29. Kd3 Ke7 30. Rb6 Rg2 31. Rxb7+ Kf6 32. Rb6+ Kg7 33. Rb3 Rxf2 34. Kc3 Rxh2 35. Kb2 f5 36. a4 Re2 37. a5 Re6 38. Rb6 Re8 39. a6 Ra8 40. Kc3 f4 41. Kd2 Kf7 42. Ke2 Ke7 43. c4 Kd7 44. Kf3 Kc7 45. c5 Ra7 46. Kxf4 h6 47. Rxh6 Ra8 48. Ke5 Re8+ 49. Re6 Rxe6+ 50. Kxe6 Kb8 51. c6 Kc7 52. a7 Kxc6 53. a8Q+ Kc5 54. Qa4 Kb6 55. Qc4 Ka7 56. Qc6 Kb8 57. Qd7 Ka8 58. Kd6 Kb8 59. Kc6 Ka8 60. Qb7# 1-0

[Event "VIE Cup (Women)"]
[Site "Bac Giang"]
[Date "2018.05.31"]
[Round "3"]
[White "Tran, Ngoc Nhu Y"]
[Black "Tran, Thi Kim Lien"]
[Result "0-1"]
[WhiteElo "1757"]
[BlackElo "1775"]
[PlyCount "110"]
[EventDate "2018.05.30"]
[EventType "swiss"]
[EventRounds "9"]
[EventCountry "VIE"]
[SourceTitle "CBM 184 Extra"]
[Source "ChessBase"]
[SourceDate "2018.06.28"]
[SourceVersion "1"]
[SourceVersionDate "2018.06.28"]
[SourceQuality "1"]

1. e4 c5 2. Nf3 Nc6 3. Bb5 d6 4. d4 cxd4 5. Nxd4 Bd7 6. Nxc6 Bxc6 7. Bxc6+ bxc6 8. 0-0 e5 9. Re1 g6 10. Nc3 Bg7 11. b3 Nf6 12. Ba3 c5 13. b4 Bf8 14. Nd5 Rb8 15. bxc5 dxc5 16. Nxf6+ Qxf6 17. Rb1 Rd8 18. Qe2 a6 19. Qe3 Rc8 20. Red1 Qc6 21. Rd5 f6 22. Rbd1 Rg8 23. f4 Bh6 24. Rd6 Bxf4 25. Qf3 Qb7 26. Rxf6 Rf8 27. Re6+ Kf7 28. Rxe5 Kg8 29. Red5 Bxh2+ 30. Kxh2 Rxf3 31. gxf3 Qc7+ 32. Kh1 Qa5 33. Bxc5 Rxc5 34. Rxc5 Qxc5 35. Rd5 Qxc2 36. e5 Qxa2 37. Rd6 Kf7 38. Rf6+ Ke7 39. f4 a5 40. Ra6 Qb1+ 41. Kh2 Qc2+ 42. Kg1 a4 43. Ra7+ Ke6 44. Ra6+ Kf5 45. e6 Qe2 46. Rxa4 Qd1+ 47. Kg2 Qxa4 48. Kf3 Qe4+ 49. Kg3 Qxf4+ 50. Kh3 Qg4+ 51. Kh2 Qf3 52. e7 Qe2+ 53. Kg1 Kg4 54. Kh1 Kg3 55. Kg1 Qg2# 0-1